00587cam a22002051 4500001001300000003000400013005001700017008004100034010001700075035002000092040003700112042001200149050002500161100001900186245007900205250001300284260004200297300002700339999001500366af 48003398 DLC20260227110902.0890424s1944 xx a 000 1 dut c aaf 48003398  a(OCoLC)19591551 aCalifornia. Univ. Libr.cCUdDLC apremarc00aPT6458.V464bA8 19441 aVerstraete, P.13aDe avonturen van Scheeve Zeven.cMet penteekeningen van Marcel Verstraete. a2. uitg. aSteenbrugge,bA.-J. Witteryckc[1944] a104 p.billus.c22 cm. c5568d5568